Normal view
MARC view
- Advisory Team for Large Applications
Entry Corporate Name
001 - CONTROL NUMBER
- control field: 5361
003 - CONTROL NUMBER IDENTIFIER
- control field: SIRSI
005 - DATE AND TIME OF LATEST TRANSACTION
- control field: 20190806150242.0
008 - FIXED-LENGTH DATA ELEMENTS
- fixed length control field: 071001n| acannaabn |n ana d
040 ## - CATALOGING SOURCE
- Original cataloging agency: OSt
- Transcribing agency: OSt
110 2# - HEADING--CORPORATE NAME
- Corporate name or jurisdiction name as entry element: Advisory Team for Large Applications
670 ## - SOURCE DATA FOUND
- Source citation: Cascades, 2007